| 000 | 00832nam a2200193Ii 4500 | ||
|---|---|---|---|
| 003 | JO-AjNU | ||
| 008 | 230605s9999||||xx |||||||||||||| ||und|| | ||
| 040 |
_aJO-AjNU _bara _erda _cJO-AjNU |
||
| 041 | _aara | ||
| 050 | 1 | 4 | _aDT107.8255.M5 1996 |
| 100 | 3 |
_aعبد الفضيل، محمود... وآخرون؛ تقديم سمير أمين, _eauthor _952603 |
|
| 245 | 0 | 0 | _aالمجتمع والدولة في الوطن العربي في ظل السياسات الرأسمالة الجديدة: مصر، الجزء الأول |
| 264 | 3 | 1 | _aالقاهرة: مكتبة مدبولي، 1996 |
| 300 | _aج1، 193ص | ||
| 336 |
_atext _btxt _2rdacontent |
||
| 337 |
_aunmediated _bn _2rdamedia |
||
| 338 |
_avolume _bnc _2rdacarrier |
||
| 650 | 4 |
_aالوكن العربي - السياسات الراسمالية - -مصر - تاريخ _952604 |
|
| 999 |
_aA23312 _c26880 _d26880 |
||